000 00392nam a22001697a 4500
005 20160528123655.0
008 160528b xxu||||| |||| 00| 0 eng d
020 _a0-07-05308-8
041 _aeng
082 _b5808
100 _aWalker, Boyd, Mullins & Larreche
_91456
245 _aMarketing Strategy
260 _bTMH
_c2003
300 _a350
650 _aManagement
_9241
942 _cBK
999 _c2060
_d2059